| Tag |
First Indicator |
Second Indicator |
Subfields |
| LEADER |
00000cam a22000008a 4500 |
| 001 |
in00000032051 |
| 005 |
20151007055026.0 |
| 008 |
871119s1988 nyua j 00011 eng |
| 010 |
|
|
|a 87034060
|
| 020 |
|
|
|a 0670816000
|
| 035 |
|
|
|a (OCoLC)17200010
|
| 035 |
|
|
|9 AAB7015AM
|
| 040 |
|
|
|a DLC
|c DLC
|d TXA
|d UtOrBLW
|
| 049 |
|
|
|a [Curr Col] TXAM
|c [A11052122]
|
| 050 |
0 |
0 |
|a PZ7.R5327
|b Daw 1988
|
| 082 |
0 |
|
|a [E]
|2 19
|
| 100 |
1 |
|
|a Robbins, Ken.
|
| 245 |
1 |
0 |
|a At the ball park /
|c text and photographs by Ken Robbins.
|
| 263 |
|
|
|a 8805
|
| 264 |
|
1 |
|a New York, N.Y., U.S.A. :
|b Viking Kestrel,
|c 1988.
|
| 300 |
|
|
|a 31 unnumbered pages :
|b color illustrations
|
| 336 |
|
|
|a text
|b txt
|2 rdacontent
|
| 337 |
|
|
|a unmediated
|b n
|2 rdamedia
|
| 338 |
|
|
|a volume
|b nc
|2 rdacarrier
|
| 520 |
|
|
|a Hand-tinted photographs and simple text re-create the fun and excitement of a day at a baseball game.
|
| 650 |
|
0 |
|a Baseball stories.
|
| 999 |
|
|
|a MARS
|
| 999 |
f |
f |
|s 449b63a7-f0d6-3d81-966c-8aaca2996219
|i b2a8753d-d941-3e91-afdd-a5d21f9b2205
|t 0
|
| 952 |
f |
f |
|p normal
|a Texas A&M University
|b College Station
|c Sterling C. Evans Library
|d Evans: Curriculum Collection (4th floor)
|t 0
|e PZ7.R5327 Daw 1988
|h Library of Congress classification
|i unmediated -- volume
|m A14811052122
|
| 998 |
f |
f |
|a PZ7.R5327 Daw 1988
|t 0
|l Evans: Curriculum Collection (4th floor)
|